Gerulata: the lamps : Roman lamps in a provincial context /

Hlavní autor: Frecer, Robert, 1989-
Jazyk: Angličtina
Vydáno: Prague : Charles University in Prague, Karolinum Press, 2015
Vydání: First edition
Témata:
Fyzický popis: 429 stran : ilustrace (převážně barevné), mapy ; 24 cm
Knihy
Uloženo v:
LEADER 01950nam a2200553 i 4500
001 nkc20152699193
003 CZ PrNK
005 20150901074505.0
007 ta
008 150511s2015 xr ab f 000 0 eng
015 |a cnb002699193 
020 |a 978-80-246-2678-9  |q (brožováno) 
035 |a (OCoLC)918010894 
040 |a ABA001  |b cze  |e rda 
043 |a ed-----  |a e-xo--- 
072 7 |a 902  |x Archeologie  |2 Konspekt  |9 8 
080 |a 902:904  |2 MRF 
080 |a 628.9.047(37)  |2 MRF 
080 |a (398)  |2 MRF 
080 |a (437.6)  |2 MRF 
080 |a (048.8)  |2 MRF 
080 |a (083.82)  |2 MRF 
100 1 |a Frecer, Robert,  |d 1989-  |7 xx0195751  |4 aut 
245 1 0 |a Gerulata: the lamps :  |b Roman lamps in a provincial context /  |c Robert Frecer 
250 |a First edition 
264 1 |a Prague :  |b Charles University in Prague, Karolinum Press,  |c 2015 
300 |a 429 stran :  |b ilustrace (převážně barevné), mapy ;  |c 24 cm 
336 |a text  |b txt  |2 rdacontent 
337 |a bez média  |b n  |2 rdamedia 
338 |a svazek  |b nc  |2 rdacarrier 
500 |a Částečně tištěno napříč 
504 |a Obsahuje bibliografii a bibliografické odkazy 
650 0 7 |a archeologické nálezy  |7 ph137683  |z Slovensko  |2 czenas 
650 0 7 |a římské lampy  |7 ph128316  |z Panonie  |2 czenas 
650 0 9 |a antiquities  |z Slovakia  |2 eczenas 
650 0 9 |a Roman lamps  |z Pannonia  |2 eczenas 
651 7 |a Rusovce (Bratislava, Slovensko)  |7 ge391173  |2 czenas 
651 9 |a Rusovce (Bratislava, Slovakia)  |2 eczenas 
655 7 |a monografie  |7 fd132842  |2 czenas 
655 7 |a katalogy  |7 fd132535  |2 czenas 
655 9 |a monographs  |2 eczenas 
655 9 |a catalogs  |2 eczenas 
910 2 |a BOA001  |b 2-1349.966 
928 9 |a Karolinum 
928 9 |a Univerzita Karlova v Praze, nakladatelství Karolinum 
990 |a BK 
995 |a 01 
991 |b 201509  |c NOV  |e n 
996 6 |b 2610639329  |c 2-1349.966  |l MZK  |r Sklad / do 1 hodiny  |n 3  |p p.v.  |w 001515534  |u 000010  |a 1  |e BOA001  |j MZK50  |s P